Most streamed song in every U.S. state - 2024 - Statistics

General Stats
  • This quiz has been taken 5 times
  • The average score is 43 of 50
Answers on the Map
Answers color-coded by a green-red scale on the quiz's map according to % correct below.
 
Answer Stats
Song State % Correct
Not Like Us - Kendrick Lamar Alabama
100%
Not Like Us - Kendrick Lamar Alaska
100%
Not Like Us - Kendrick Lamar Arizona
100%
Not Like Us - Kendrick Lamar California
100%
Not Like Us - Kendrick Lamar Colorado
100%
Not Like Us - Kendrick Lamar Connecticut
100%
Not Like Us - Kendrick Lamar Delaware
100%
Not Like Us - Kendrick Lamar Florida
100%
Not Like Us - Kendrick Lamar Georgia
100%
Not Like Us - Kendrick Lamar Illinois
100%
Not Like Us - Kendrick Lamar Indiana
100%
Not Like Us - Kendrick Lamar Kansas
100%
Not Like Us - Kendrick Lamar Kentucky
100%
Not Like Us - Kendrick Lamar Louisiana
100%
Not Like Us - Kendrick Lamar Maryland
100%
Not Like Us - Kendrick Lamar Massachusetts
100%
Not Like Us - Kendrick Lamar Michigan
100%
Not Like Us - Kendrick Lamar Minnesota
100%
Not Like Us - Kendrick Lamar Missouri
100%
Not Like Us - Kendrick Lamar Nevada
100%
Not Like Us - Kendrick Lamar New Hampshire
100%
Not Like Us - Kendrick Lamar New Jersey
100%
Not Like Us - Kendrick Lamar New Mexico
100%
Not Like Us - Kendrick Lamar New York
100%
Not Like Us - Kendrick Lamar North Carolina
100%
Not Like Us - Kendrick Lamar Ohio
100%
Not Like Us - Kendrick Lamar Oklahoma
100%
Not Like Us - Kendrick Lamar Oregon
100%
Not Like Us - Kendrick Lamar Pennsylvania
100%
Not Like Us - Kendrick Lamar Rhode Island
100%
Not Like Us - Kendrick Lamar South Carolina
100%
Not Like Us - Kendrick Lamar Tennessee
100%
Not Like Us - Kendrick Lamar Texas
100%
Not Like Us - Kendrick Lamar Virginia
100%
Not Like Us - Kendrick Lamar Washington
100%
Not Like Us - Kendrick Lamar Wisconsin
100%
Beautiful Things - Benson Boone Idaho
80%
Beautiful Things - Benson Boone Maine
80%
Beautiful Things - Benson Boone Utah
80%
Beautiful Things - Benson Boone Wyoming
80%
Die With A Smile - Lady Gaga & Bruno Mars Hawaii
60%
A Bar Song (Tipsy) - Shaboozey Iowa
40%
A Bar Song (Tipsy) - Shaboozey Montana
40%
A Bar Song (Tipsy) - Shaboozey Nebraska
40%
A Bar Song (Tipsy) - Shaboozey North Dakota
40%
A Bar Song (Tipsy) - Shaboozey South Dakota
40%
A Bar Song (Tipsy) - Shaboozey Vermont
40%
A Bar Song (Tipsy) - Shaboozey West Virginia
40%
Lose Control - Teddy Swims Arkansas
40%
Wanna Be - GloRilla & Megan Thee Stallion Mississippi
0%
No matching quizzes found
Score Distribution
Percent of People with Each Score
Percentile by Number Answered
Your Score History
You have not taken this quiz